|
|
|
|
| LEADER |
00000nas a22000007a 4500 |
| 005 |
20130503123708.0 |
| 007 |
cr|||| |||| |
| 008 |
130503c2004 ch |||p s|||| 0|||b1eng d |
| 022 |
|
|
|a 18134483
|
| 035 |
|
|
|a 7258
|
| 040 |
|
|
|a vLex
|
| 090 |
|
|
|c 4270
|d 4270
|
| 245 |
0 |
0 |
|a Xing Xiao Ping Lun
|h [Recurso electrn̤ico]
|
| 256 |
|
|
|a Servicio en ln̕ea
|
| 260 |
|
|
|a Taipei City :
|b Academy of Taiwan Information Systems Research,
|c 2004-
|
| 300 |
|
|
|a 1 Recurso electrn̤ico
|
| 506 |
|
|
|d vLex Global
|d vLex Global (Academic Edition, excluding Law Schools)
|d vLex Global (U.S. Academic Edition, Law Schools)
|d vLex Global (U.S. Academic Edition, excluding Law Schools)
|d vLex Global (Academic Edition, Law Schools)
|
| 650 |
0 |
4 |
|a Informacin̤ general
|v Revistas
|z Taiwan
|
| 740 |
|
|
|a vLex Revistas (Servicio en ln̕ea)
|
| 856 |
|
|
|a Acceso restringido
|u http://www.vlex.com/source/7258
|
| 942 |
|
|
|c REV
|
| 999 |
|
0 |
|a News
|